| 000 | 00615cam a22002294a 4500 | ||
|---|---|---|---|
| 003 | UPN | ||
| 005 | 20231202063634.0 | ||
| 008 | 991125s1978 es 000 0 spa d | ||
| 020 | _a8430726446 | ||
| 035 | _aUPN01000016671 | ||
| 040 |
_aUPN _bspa _cUPN |
||
| 049 | _aCG | ||
| 050 | 4 |
_aLA132 _bP5.38 |
|
| 100 | 1 |
_aPiaget, Jean, _d1896-1980 _928363 |
|
| 245 | 1 | 0 |
_aA dónde va la educación / _cJean Piaget ; tr. Pedro Vilanova. |
| 260 |
_aBarcelona, Esp. : _bTeide, _c1978. |
||
| 300 | _a110 p. | ||
| 490 | 0 |
_aHay que saber ; _v8 |
|
| 650 | 4 |
_aEducación comparada _99140 |
|
| 905 | _aLibro | ||
| 942 |
_2lcc _cLIBRO |
||
| 999 |
_c16671 _d16671 |
||